Preparation of nano zinc oxide, its characterisation and use in natural rubber (Record no. 65607)

MARC details
000 -LEADER
fixed length control field 00471nam a2200133Ia 4500
100 ## - MAIN ENTRY--AUTHOR NAME
Personal name Sabura Begum P M
245 #0 - TITLE STATEMENT
Title Preparation of nano zinc oxide, its characterisation and use in natural rubber
260 ## - PUBLICATION, DISTRIBUTION, ETC. (IMPRINT)
Name of publisher Proceedings of the Asia Rub Tech Expo, 23-25 November 2006, Indian Rubber Institute, Kochi. pp.131-132.
650 ## - SUBJECT ADDED ENTRY--TOPICAL TERM
Topical Term Nano zinc oxide
700 ## - ADDED ENTRY--PERSONAL NAME
Personal name Joseph Rani
700 ## - ADDED ENTRY--PERSONAL NAME
Personal name Muhammed Yusuff K K
942 ## - ADDED ENTRY ELEMENTS (KOHA)
Koha item type Journals
Holdings
Withdrawn status Lost status Damaged status Not for loan Home library Current library Shelving location Date acquired Koha item type
      Journals RRII Library RRII Library Rubber chemistry 28/12/2006 Journals